00418nam a2200133 a 4500008004100000050002000041100002300061245007300084260002300157300000900180350000900189490006300198650002300261091207s1983 ||||||||||||||||| || u aUNZA-HIST(08)OP aMuntemba, Shimwayi10aZambian land and labour studies, vol ivcEdited by Shimwayi Muntemba aLusakabUNZAc1983 a74p. a0.00 aUniversity of Zambia. History Department occasional papers aURBAN POOR--ZAMBIA